MARC details
| 000 -LEADER |
| fixed length control field |
01096 a2200301 4500 |
| 001 - CONTROL NUMBER |
| control field |
200130671 |
| 003 - CONTROL NUMBER IDENTIFIER |
| control field |
TR-AnTOB |
| 005 - DATE AND TIME OF LATEST TRANSACTION |
| control field |
20231214091649.0 |
| 008 - FIXED-LENGTH DATA ELEMENTS--GENERAL INFORMATION |
| fixed length control field |
131011s2013 tu 000 0 |
| 020 ## - INTERNATIONAL STANDARD BOOK NUMBER |
| International Standard Book Number |
9786055197148 |
| 040 ## - CATALOGING SOURCE |
| Original cataloging agency |
TR-AnTOB |
| Transcribing agency |
TR-AnTOB |
| Language of cataloging |
eng |
| Description conventions |
rda |
| 041 ## - LANGUAGE CODE |
| Language code of text/sound track or separate title |
Türkçe |
| 050 ## - LIBRARY OF CONGRESS CALL NUMBER |
| Classification number |
HC241.5 |
| Item number |
C48 2013 |
| 090 ## - LOCALLY ASSIGNED LC-TYPE CALL NUMBER (OCLC); LOCAL CALL NUMBER (RLIN) |
| Classification number (OCLC) (R) ; Classification number, CALL (RLIN) (NR) |
HC241.5 C48 2013 |
| 100 ## - MAIN ENTRY--PERSONAL NAME |
| Personal name |
Cicioğlu, Filiz |
| 9 (RLIN) |
93521 |
| 245 #0 - TITLE STATEMENT |
| Title |
Sivil Toplum-Dış Politika İlişkisi Çerçevesinde Sivil Toplum Kuruluşlarının Türkiye’ nin Avrupa Birliği Politikasına Yaklaşımı” / |
| Statement of responsibility, etc. |
Filiz Cicioğlu ; Doç.Dr. Kemal İnat. |
| 264 #1 - PRODUCTION, PUBLICATION, DISTRIBUTION, MANUFACTURE, AND COPYRIGHT NOTICE |
| Place of production, publication, distribution, manufacture |
Sakarya: |
| Name of producer, publisher, distributor, manufacturer |
Sakarya, |
| Date of production, publication, distribution, manufacture, or copyright notice |
2013 |
| 300 ## - PHYSICAL DESCRIPTION |
| Extent |
X, 272 s. ; |
| Dimensions |
23 cm. |
| 490 0# - SERIES STATEMENT |
| Series statement |
Avrupa Birliği Bakanlığı Akademik Araştırmalar Serisi: |
| Volume/sequential designation |
2 |
| 500 ## - GENERAL NOTE |
| General note |
Doktora Tezi |
| 610 #0 - SUBJECT ADDED ENTRY--CORPORATE NAME |
| Corporate name or jurisdiction name as entry element |
Avrupa Birliği |
| Geographic subdivision |
Türkiye |
| 9 (RLIN) |
23334 |
| 650 #7 - SUBJECT ADDED ENTRY--TOPICAL TERM |
| Topical term or geographic name entry element |
Sivil toplum örgütleri |
| Geographic subdivision |
Türkiye |
| Source of heading or term |
|
| 9 (RLIN) |
9434 |
|
| Topical term or geographic name entry element |
Sivil toplum |
| Geographic subdivision |
Avrupa Birliği ülkeleri |
| 9 (RLIN) |
93524 |
|
| Topical term or geographic name entry element |
Civil society |
| Geographic subdivision |
European Union countries |
| 9 (RLIN) |
93525 |
|
| Topical term or geographic name entry element |
Non-governmental organizations |
| Geographic subdivision |
Turkey |
| 9 (RLIN) |
19112 |
| 942 ## - ADDED ENTRY ELEMENTS (KOHA) |
| Koha item type |
Book |
| Source of classification or shelving scheme |
Library of Congress Classification |